al-Murshid fi al-lughah al-Almānīyah. (Record no. 45356)

MARC details
000 -LEADER
fixed length control field 00646cam a22002051 4500
001 - CONTROL NUMBER
control field ne 62001728
003 - CONTROL NUMBER IDENTIFIER
control field DLC
005 - DATE AND TIME OF LATEST TRANSACTION
control field 20260227111738.0
008 - FIXED-LENGTH DATA ELEMENTS--GENERAL INFORMATION
fixed length control field 890814s1961 xx 000 0 ara
010 ## - LIBRARY OF CONGRESS CONTROL NUMBER
LC control number ne 62001728
035 ## - SYSTEM CONTROL NUMBER
System control number (OCoLC)23522527
040 ## - CATALOGING SOURCE
Original cataloging agency DLC
Transcribing agency MiU
Modifying agency DLC
050 00 - LIBRARY OF CONGRESS CALL NUMBER
Classification number PF3129.A7
Item number A4
100 1# - MAIN ENTRY--PERSONAL NAME
Personal name ʻAjjūr, ʻAbd al-ʻAzīz.
245 13 - TITLE STATEMENT
Title al-Murshid fi al-lughah al-Almānīyah.
Remainder of title Der deutsche Sprachfürer, verfasst von Abd Elaziz Aggour und Salah el Fatatry.
260 ## - PUBLICATION, DISTRIBUTION, ETC.
Date of publication, distribution, etc. 1961
300 ## - PHYSICAL DESCRIPTION
Extent 144 p.
Dimensions 19 cm.
650 #0 - SUBJECT ADDED ENTRY--TOPICAL TERM
Topical term or geographic name entry element German language
General subdivision Textbooks for foreign speakers
-- Arabic.
700 1# - ADDED ENTRY--PERSONAL NAME
Personal name Faṭāṭiri, Ṣalāh.

No items available.

Powered by Koha